Mikropočítačové systémy s mikroprocesorom 8080

Na minha lista:
Detalhes bibliográficos
Main Authors: Burger, Ivan (Author), Frištacký, Norbert, 1931- (Author), Návrat, Pavol, 1952- (Author), Kadlic, Andrej (Author), Hladík, Dalibor (Author), Blaškovič, Juraj (Author), Hudec, Ladislav, 1950- (Author), Čičák, Pavel, 1955- (Author)
Formato: Livro
Idioma:eslovaco
Publicado em: Bratislava : SVŠT v Bratislave EF, 1985
Edição:1. vyd.
Tags: Adicionar Tag
Sem tags, seja o primeiro a adicionar uma tag!

MARC

LEADER 00000nam a22000003a 4500
001 stu25195
005 20171123174611.2
008 980323s1985------------------------slo-d
040 |a STU  |b slo 
041 0 |a slo 
080 |a 681.32-181.4(075.8) 
100 1 |a Burger, Ivan  |4 aut 
245 1 |a Mikropočítačové systémy s mikroprocesorom 8080 
250 |a 1. vyd. 
260 |a Bratislava :  |b SVŠT v Bratislave EF,  |c 1985 
300 |a 194 s 
700 1 |a Frištacký, Norbert,  |d 1931-  |4 aut  |u E220  |U FEI Fakulta elektrotechniky a informatiky  |T FEI Katedra informatiky a výpočtovej techniky  |X 2206  |U E220  |Y 69  |7 2206 
700 1 |a Návrat, Pavol,  |d 1952-  |4 aut  |u I200  |U FIIT Fakulta informatiky a informačných technológií  |T FIIT Ústav informatiky a softvérového inžinierstva  |X 4660  |U I200  |Y 179  |7 4660 
700 1 |a Kadlic, Andrej  |4 aut 
700 1 |a Hladík, Dalibor  |4 aut 
700 1 |a Blaškovič, Juraj  |4 aut 
700 1 |a Hudec, Ladislav,  |d 1950-  |4 aut  |u E220  |U FEI Fakulta elektrotechniky a informatiky  |T FEI Katedra informatiky a výpočtovej techniky  |X 2081  |U E220  |Y 69  |7 2081 
700 1 |a Čičák, Pavel,  |d 1955-  |4 aut  |u E220  |U FEI Fakulta elektrotechniky a informatiky  |T FEI Katedra informatiky a výpočtovej techniky  |X 1926  |U E220  |Y 69  |7 1926 
996 |b 284ES02639  |c E*S-35395  |l EE01  |s A  |a 24  |w stu25195_0001